000
00354nam a2200157Ia 4500
003
OSt
005
20240327113936.0
008
170524s9999 xx 000 0 und d
020
_a
8847607647
040
_c
IIMTU MEERUT
100
_a
Bonechi - B. E.
245
0
_a
Mediterranean Cooking
260
_b
Bonechi - B. E.
260
_c
1998
942
_2
ddc
_c
02
999
_c
6685
_d
6685